[Event "Olimpiade 2014 - Open"]
[Site "Tromsø"]
[Date "11.08.2014"]
[Round "9.62"]
[Board "3"]
[White "Al Khateeb, Taher"]
[Black "Maharjan, Sajin"]
[Result "0-1"]
[WhiteElo "1972"]
[BlackElo "1980"]
[WhiteTeam "Kuwait"]
[BlackTeam "Nepal"]
[WhiteFideId "10300058"]
[BlackFideId "12301906"]
[EventDate "2014.08.02"]

1. d4 d5 2. Nf3 Nf6 3. e3 e6 4. Bd3 Be7 5. Nbd2 O-O 6. O-O b6 7. c3 Bb7 8. Qc2
Nbd7 9. Re1 c5 10. e4 cxd4 11. Nxd4 dxe4 12. Nxe4 Nxe4 13. Bxe4 Bxe4 14. Rxe4
Rc8 15. Qe2 Nf6 16. Rh4 Nd5 17. Rh3 Bg5 18. Bxg5 Qxg5 19. Rg3 Qh6 20. Re1 Qf6
21. Qg4 Ne7 22. Rf3 Qh6 23. h4 Rc5 24. b4 Rh5 25. g3 Qg6 26. Qh3 Rd5 27. Kh2 h5
28. Rfe3 Nf5 29. Nxf5 Rxf5 30. R1e2 Rc8 31. Qg2 Qf6 32. Rc2 Rc4 33. f4 Rd5 34.
Qf1 Rc8 35. Rd3 Rxd3 36. Qxd3 Rd8 37. Qe2 Qf5 38. Rd2 Rd5 39. Rxd5 exd5 40. Kg2
g6 41. a4 Kf8 42. Kf2 Qe4 43. Qxe4 dxe4 44. Ke3 f5 45. c4 Ke7 46. Kd4 a6 47. Kc3
Kd7 48. Kb3 Kc6 49. Kc3 a5 50. c5 axb4+ 51. Kxb4 bxc5+ 52. Kc4 Kb6 0-1

[Event "Olimpiade 2014 - Open"]
[Site "Tromsø"]
[Date "11.08.2014"]
[Round "9.62"]
[Board "4"]
[White "Shrestha, Keshav"]
[Black "Hashem, Khaled"]
[Result "1-0"]
[WhiteTitle "CM"]
[BlackTitle "CM"]
[WhiteElo "2137"]
[BlackElo "1963"]
[WhiteTeam "Nepal"]
[BlackTeam "Kuwait"]
[WhiteFideId "12300055"]
[BlackFideId "10300201"]
[EventDate "2014.08.02"]

1. e4 e5 2. Nf3 Nc6 3. Nc3 Nf6 4. d4 exd4 5. Nxd4 Bb4 6. Nxc6 bxc6 7. Bd3 d6 8.
O-O Ng4 9. h3 Ne5 10. f4 Nxd3 11. cxd3 d5 12. e5 g6 13. Qa4 Bxc3 14. Qxc6+ Bd7
15. Qxc3 O-O 16. b3 Rc8 17. Qc5 Be6 18. Bb2 a6 19. Rac1 Qh4 20. Rf3 Rfd8 21. Bd4
c6 22. Rcf1 Qh6 23. b4 Qf8 24. Qc3 a5 25. a3 axb4 26. axb4 Ra8 27. g4 Ra4 28. f5
Qxb4 29. Qxb4 Rxb4 30. fxe6 Rxd4 31. e7 Re8 32. Rxf7 1-0

[Event "Olimpiade 2014 - Open"]
[Site "Tromsø"]
[Date "11.08.2014"]
[Round "9.64"]
[Board "1"]
[White "Rajaonarison, Faniry"]
[Black "Ahmed, Ashraf"]
[Result "1-0"]
[WhiteTitle "CM"]
[BlackTitle "FM"]
[WhiteElo "2112"]
[BlackElo "1817"]
[WhiteTeam "Madagascar"]
[BlackTeam "Maldives"]
[WhiteFideId "13100424"]
[BlackFideId "16700031"]
[EventDate "2014.08.02"]

1. e4 e5 2. Nf3 Nc6 3. Bb5 Nd4 4. Nxd4 exd4 5. O-O c6 6. Bc4 Nf6 7. e5 d5 8.
exd6 Qxd6 9. Re1+ Be6 10. d3 O-O-O 11. Bxe6+ fxe6 12. Nd2 Re8 13. a4 h5 14. Nc4
Qc7 15. Qf3 Bd6 16. Nxd6+ Qxd6 17. Qg3 Qxg3 18. hxg3 Nd5 19. Bg5 Nb4 20. Re2 Kd7
21. a5 Rhf8 22. c3 dxc3 23. bxc3 Nd5 24. c4 Rf5 25. Bd2 Nc7 26. Be3 c5 27. d4 b6
28. axb6 axb6 29. dxc5 bxc5 30. Rd2+ Kc6 31. Rad1 Re7 32. Rd6+ Kb7 33. Rb1+ Kc8
34. Rc6 Kd7 35. Rbb6 Na8 36. Rd6+ Kc8 37. Rbc6+ Rc7 38. Rxe6 Rxc6 39. Rxc6+ Kd7
40. Rg6 Rf7 41. Bxc5 Nc7 42. Rd6+ Kc8 43. Be3 Ne8 44. Rb6 Rc7 45. c5 Nf6 46. Re6
Ra7 47. Bd4 Kd7 48. Rxf6 1-0

[Event "Olimpiade 2014 - Open"]
[Site "Tromsø"]
[Date "11.08.2014"]
[Round "9.64"]
[Board "2"]
[White "Mohamed, Hassan MDV"]
[Black "Rakotomaharo, Fy Antenaina"]
[Result "0-1"]
[WhiteTitle "CM"]
[BlackTitle "CM"]
[WhiteElo "1830"]
[BlackElo "2253"]
[WhiteTeam "Maldives"]
[BlackTeam "Madagascar"]
[WhiteFideId "16700058"]
[BlackFideId "13100050"]
[EventDate "2014.08.02"]

1. e4 c5 2. Nf3 g6 3. g3 Nc6 4. Bg2 Bg7 5. Nc3 d6 6. d3 Rb8 7. O-O b5 8. Re1 e6
9. Ne2 Qb6 10. Nf4 Nge7 11. h4 h6 12. Nh2 O-O 13. Ng4 Ne5 14. Nxe5 dxe5 15. Ne2
f5 16. exf5 exf5 17. Be3 Qc7 18. Qc1 Kh7 19. c3 Bb7 20. b4 Bxg2 21. Kxg2 f4 22.
gxf4 Nf5 23. Rh1 cxb4 24. Rb1 Qc6+ 25. f3 bxc3 26. Bxa7 Ra8 27. Bf2 exf4 28. h5
Rxa2 29. hxg6+ Qxg6+ 30. Kf1 Ng3+ 31. Bxg3 fxg3 32. Rg1 0-1

[Event "Olimpiade 2014 - Open"]
[Site "Tromsø"]
[Date "11.08.2014"]
[Round "9.64"]
[Board "3"]
[White "Rakotoniaina, Antsiva"]
[Black "Ibarhim, Firaq"]
[Result "0-1"]
[WhiteElo "2014"]
[BlackElo "1532"]
[WhiteTeam "Madagascar"]
[BlackTeam "Maldives"]
[WhiteFideId "13100173"]
[BlackFideId "16700120"]
[EventDate "2014.08.02"]

1. d4 d5 2. c4 Nf6 3. cxd5 Nxd5 4. Nf3 Bf5 5. Nbd2 Bg6 6. e4 Nb6 7. a4 e6 8. a5
N6d7 9. Qb3 Qc8 10. Bc4 Be7 11. O-O O-O 12. Re1 a6 13. d5 e5 14. Bf1 Bd6 15. Nh4
Nf6 16. Nxg6 fxg6 17. Nc4 Nbd7 18. Nxd6 cxd6 19. f3 Rf7 20. Be3 Nc5 21. Qa3 Qf8
22. b4 Ncd7 23. Rac1 Rc8 24. Rxc8 Qxc8 25. Rc1 Qf8 26. b5 Nb8 27. bxa6 bxa6 28.
Bb6 Nfd7 29. Rc6 Rf6 30. Qc3 Nxc6 31. dxc6 Nc5 32. Bc4+ Kh8 33. c7 Qc8 34. Qd2
h6 35. Qd5 g5 36. Bxc5 dxc5 37. Qd8+ Rf8 38. Qxf8+ Qxf8 39. Bxa6 c4 40. Kf1 c3
41. Ke2 c2 0-1

[Event "Olimpiade 2014 - Open"]
[Site "Tromsø"]
[Date "11.08.2014"]
[Round "9.65"]
[Board "1"]
[White "Mueller, Leonhard"]
[Black "Sanches, Romario"]
[Result "0-1"]
[WhiteTitle "FM"]
[BlackTitle "CM"]
[WhiteElo "2183"]
[BlackElo "2083"]
[WhiteTeam "Namibia"]
[BlackTeam "Surinam"]
[WhiteFideId "15200019"]
[BlackFideId "8200211"]
[EventDate "2014.08.02"]

1. d4 Nf6 2. c4 c5 3. d5 e5 4. Nc3 d6 5. e4 Be7 6. Bd3 O-O 7. h3 Nbd7 8. Be3 Ne8
9. Qd2 Rb8 10. Nge2 g6 11. g4 a6 12. a4 Ng7 13. Kd1 Nf6 14. Kc2 Bd7 15. f3 Nfe8
16. Bh6 b6 17. h4 f6 18. Rhg1 b5 19. cxb5 axb5 20. Bxb5 Bxb5 21. Nxb5 Qb6 22.
Nec3 Bd8 23. h5 g5 24. Rgb1 Qa5 25. Ne2 Qa6 26. Ng3 Ba5 27. Qe2 Rf7 28. Bxg7
Rxg7 29. Nf5 Rgb7 30. Kd1 Qb6 31. Ne3 Bb4 32. Nc4 Qa6 33. Qd3 Rd7 34. Ke2 Rdb7
35. Rd1 Rd7 36. b3 Rdb7 37. Rab1 Rd7 38. Kf2 Rdb7 39. Kg3 Rd7 40. Kh3 Rdb7 41.
Rbc1 Rd7 42. Rb1 Rdb7 43. Kg2 Rd7 44. Rb2 Rdb7 45. Kf2 Rd7 46. Ke2 Rdb7 47. Kf1
Rd7 48. Kg1 Rdb7 49. Kh1 Rd7 50. Re2 Rdb7 51. Rc2 Rd7 52. Rg2 Rdb7 53. h6 Rd7
54. Rc2 Qc8 55. Rg2 Qa6 56. f4 exf4 57. e5 dxe5 58. Qf5 Qc8 59. Qe6+ Rf7 60.
Qxc8 Rxc8 61. Nbd6 Nxd6 62. Nxd6 Ra8 63. Nxf7 Kxf7 64. Re2 Ke7 65. Kg2 Bc3 66.
Kf3 Rb8 67. Rc2 Bd4 68. Rd3 Kd6 69. Ke4 f5+ 70. gxf5 g4 71. Rxd4 cxd4 72. Rc6+
Kd7 73. Kxe5 f3 74. Kf4 Rc8 75. Re6 f2 0-1

[Event "Olimpiade 2014 - Open"]
[Site "Tromsø"]
[Date "11.08.2014"]
[Round "9.65"]
[Board "2"]
[White "Matoewi, Roger"]
[Black "Eichab, Charles"]
[Result "1-0"]
[WhiteTitle "FM"]
[BlackTitle "CM"]
[WhiteElo "2121"]
[BlackElo "2048"]
[WhiteTeam "Surinam"]
[BlackTeam "Namibia"]
[WhiteFideId "8200084"]
[BlackFideId "15200051"]
[EventDate "2014.08.02"]

1. e4 d5 2. exd5 Qxd5 3. Nc3 Qd6 4. d4 Nf6 5. Nf3 c6 6. Bc4 Bg4 7. Be3 Nbd7 8.
Bb3 e6 9. h3 Bh5 10. g4 Bg6 11. Nh4 Be7 12. Nxg6 hxg6 13. Qf3 Nd5 14. Ne4 Qc7
15. O-O-O N7f6 16. Kb1 a5 17. Nxf6+ gxf6 18. c4 a4 19. Bc2 Nb4 20. Rhe1 a3 21.
b3 Kf8 22. Bf4 Qc8 23. g5 f5 24. Qg3 Ra5 25. Bc7 Ra6 26. Bd6 Nxc2 27. Kxc2 Qd7
28. Bxe7+ Qxe7 29. Qb8+ Kg7 30. Qe5+ Kg8 31. f4 Ra8 32. Re3 Rc8 33. d5 cxd5 34.
Rxd5 Qc7 35. Qxc7 Rxc7 36. Rd8+ Kg7 37. Rxh8 Kxh8 38. Kc3 b5 39. Kb4 bxc4 40.
bxc4 Kg7 41. Kb5 Rb7+ 42. Kc5 Rb2 43. Rxa3 Rf2 44. Kd6 Rxf4 45. Rc3 Rd4+ 46. Kc5
e5 47. a4 f6 48. gxf6+ Kxf6 49. a5 Rd8 50. a6 e4 51. a7 Ke5 52. Ra3 Ra8 53. Kb6
f4 54. c5 e3 55. c6 e2 56. Ra1 f3 57. c7 Kd6 58. Kb7 Rxa7+ 59. Rxa7 e1=Q 60.
c8=Q Qe4+ 61. Kb8 Qb4+ 62. Rb7 Qh4 63. Qd7+ Ke5 64. Rb5+ 1-0

[Event "Olimpiade 2014 - Open"]
[Site "Tromsø"]
[Date "11.08.2014"]
[Round "9.65"]
[Board "4"]
[White "Giasi, Viresh"]
[Black "Handjaba, Mclean"]
[Result "1-0"]
[BlackTitle "CM"]
[WhiteElo "1929"]
[BlackElo "2139"]
[WhiteTeam "Surinam"]
[BlackTeam "Namibia"]
[WhiteFideId "8200165"]
[BlackFideId "15200515"]
[EventDate "2014.08.02"]

1. e4 c5 2. Nc3 Nc6 3. g3 g6 4. Bg2 Bg7 5. Nge2 e6 6. f4 Nge7 7. d3 O-O 8. Be3
b6 9. Bf2 Bb7 10. O-O a6 11. d4 cxd4 12. Nxd4 d5 13. e5 Nxd4 14. Qxd4 b5 15. a4
Nc6 16. Qd2 b4 17. Ne2 Qa5 18. Nd4 Rfc8 19. Nb3 Qc7 20. a5 Bf8 21. Bb6 Qd7 22.
g4 Na7 23. f5 Rc4 24. h3 Nb5 25. Rac1 Rac8 26. Rf2 Qe7 27. f6 Qd7 28. Bf1 Re4
29. Re1 Rxc2 30. Qxc2 Rxe1 31. Bc5 Rxe5 32. Bxf8 Kxf8 33. Qd2 Ke8 34. Qh6 Kd8
35. Rc2 Qe8 36. Qf4 Re4 37. Qb8+ Kd7 38. Bxb5+ axb5 39. Qc7# 1-0

[Event "Olimpiade 2014 - Open"]
[Site "Tromsø"]
[Date "11.08.2014"]
[Round "9.66"]
[Board "1"]
[White "Tadese, Estube Haileselassie"]
[Black "Chipanga, Chiletso"]
[Result "1-0"]
[BlackTitle "CM"]
[WhiteElo "1952"]
[BlackElo "2060"]
[WhiteTeam "Ethiopia"]
[BlackTeam "Malawi"]
[WhiteFideId "15700330"]
[BlackFideId "16400119"]
[EventDate "2014.08.02"]

1. d4 d5 2. c4 c6 3. Nf3 Nf6 4. g3 e6 5. Bg2 Be7 6. O-O Ne4 7. Nc3 f5 8. Ne5 Nd7
9. Nxd7 Bxd7 10. Nxe4 fxe4 11. f3 exf3 12. Bxf3 O-O 13. Qc2 Be8 14. Bf4 Bg6 15.
Qb3 Bd6 16. Bxd6 Qxd6 17. c5 Qe7 18. Qe3 Rae8 19. Qe5 Rf5 20. Qe3 e5 21. Bg4
exd4 22. Qxd4 Rxf1+ 23. Rxf1 h6 24. b4 Qg5 25. h4 Qd8 26. Rf4 Bb1 27. a4 g5 28.
Rf6 Qc7 29. Kf2 gxh4 30. Be6+ Kh7 31. Rf7+ Qxf7+ 32. Bxf7 hxg3+ 33. Kxg3 Rxe2
34. Qg4 1-0

[Event "Olimpiade 2014 - Open"]
[Site "Tromsø"]
[Date "11.08.2014"]
[Round "9.66"]
[Board "2"]
[White "Chimthere, Alfred Charles"]
[Black "Belachew, Yimam Abera"]
[Result "0-1"]
[BlackTitle "FM"]
[WhiteElo "2017"]
[BlackElo "2194"]
[WhiteTeam "Malawi"]
[BlackTeam "Ethiopia"]
[WhiteFideId "16400046"]
[BlackFideId "15700046"]
[EventDate "2014.08.02"]

1. d4 Nf6 2. Nf3 e6 3. e3 d5 4. Bd3 Be7 5. O-O Nbd7 6. b3 O-O 7. Bb2 b6 8. Nbd2
Bb7 9. Qe2 a5 10. e4 dxe4 11. Nxe4 Nd5 12. Bc4 N7f6 13. Nxf6+ Bxf6 14. Bxd5 exd5
15. Rfe1 a4 16. Ba3 c5 17. c3 Qd7 18. Qd2 Qb5 19. b4 c4 20. Re2 Bc8 21. Rae1 Bf5
22. Ne5 Bd3 23. Nxd3 cxd3 24. Re3 Rfc8 25. Qxd3 Rc4 26. Qf5 h6 27. Rg3 Re8 28.
Rxe8+ Qxe8 29. Re3 Qc6 30. Qd3 g6 31. g3 Kg7 32. Bb2 a3 33. Bxa3 Qa4 34. Bb2
Qxa2 35. Re2 Qa6 36. Qd2 Bg5 37. f4 Bf6 38. Qe3 Qa2 39. Kg2 Rc6 40. Qd3 Rc4 41.
Qf3 Qa6 42. h4 Rc6 43. h5 g5 44. Bc1 Rxc3 45. Be3 Qd3 46. fxg5 Bxg5 47. Rf2 Qe4
48. Qxe4 dxe4 49. Bxg5 hxg5 50. Re2 f5 51. g4 Kf6 52. h6 Rc7 53. gxf5 Kxf5 54.
Rf2+ Kg6 55. Re2 Re7 56. Kg3 Kxh6 57. d5 Kg6 58. d6 Rd7 59. Rxe4 Rxd6 60. Re5
Rd3+ 61. Kg2 Kf6 62. Rb5 Rd6 63. Kg3 Kg6 64. Kg4 Kh6 65. Kh3 Kh5 66. Kg3 Kg6 67.
Kg4 Kf6 68. Kh5 Ke6 69. Kg4 Kd7 70. Kf3 Rg6 71. Rf5 Kc6 72. Kg4 Rg7 73. Re5 Kb7
74. b5 Kc7 75. Re6 Rd7 76. Re5 Rg7 77. Re6 Kb7 78. Re5 Rc7 79. Kxg5 Rc5 80. Kf4
Kc7 81. Ke4 Kd6 82. Re8 Rxb5 83. Kd3 Rc5 84. Rd8+ Kc7 85. Rd4 b5 86. Rh4 Kb6 87.
Kd2 Ka5 88. Kd1 b4 89. Rh2 Ka4 90. Rc2 Rxc2 91. Kxc2 Ka3 0-1

[Event "Olimpiade 2014 - Open"]
[Site "Tromsø"]
[Date "11.08.2014"]
[Round "9.67"]
[Board "1"]
[White "Harper, Ryan"]
[Black "Yang, Robert Michael"]
[Result "1/2-1/2"]
[WhiteTitle "FM"]
[WhiteElo "2236"]
[BlackElo "1945"]
[WhiteTeam "Trinidad & Tobago"]
[BlackTeam "Hong Kong"]
[WhiteFideId "7700156"]
[BlackFideId "6002072"]
[EventDate "2014.08.02"]

1. e4 c5 2. Nf3 e6 3. d4 cxd4 4. Nxd4 a6 5. Nc3 Qc7 6. Bd3 Nf6 7. f4 b5 8. e5 b4
9. Ne4 Nd5 10. Qe2 Bb7 11. Bd2 Nc6 12. Nxc6 Qxc6 13. O-O Bc5+ 14. Kh1 f5 15.
Nxc5 Qxc5 16. a3 O-O 17. axb4 Nxb4 18. Be3 Qc6 19. Bc4 Rfc8 20. b3 Qe4 21. Rac1
Bd5 22. c3 Rxc4 23. bxc4 Bxc4 24. Qf3 Bxf1 25. Qxe4 fxe4 26. cxb4 Bb5 27. Ra1
Kf7 28. Kg1 Kg6 29. Kf2 Kf5 30. g4+ Kg6 31. Bc5 h5 32. gxh5+ Kxh5 33. Ke3 Bc6
34. Bd6 Kg6 35. Rg1+ Kf7 36. Ra1 Bb7 37. Bc5 Rh8 38. Rg1 Rh3+ 39. Rg3 Rxh2 40.
Bd6 Rc2 41. Kd4 Bd5 42. Ke3 Rc3+ 43. Kf2 Rxg3 44. Kxg3 e3 45. Bc5 e2 46. Kf2 Bc4
47. Ke1 Kg6 48. Be7 Kf5 49. Bg5 Ke4 50. Kd2 Kf3 51. Ke1 Ke3 52. f5+ Kd4 53. f6
gxf6 54. Bxf6 1/2-1/2

[Event "Olimpiade 2014 - Open"]
[Site "Tromsø"]
[Date "11.08.2014"]
[Round "9.67"]
[Board "2"]
[White "Tsang, Hon Ki"]
[Black "Singh, Ravishen"]
[Result "0-1"]
[WhiteTitle "FM"]
[BlackTitle "CM"]
[WhiteElo "2111"]
[BlackElo "2104"]
[WhiteTeam "Hong Kong"]
[BlackTeam "Trinidad & Tobago"]
[WhiteFideId "6000185"]
[BlackFideId "7700199"]
[EventDate "2014.08.02"]

1. e4 c5 2. Nf3 e6 3. d4 cxd4 4. Nxd4 Nf6 5. Nc3 d6 6. Be2 a6 7. O-O Nbd7 8. f4
Qc7 9. a4 b6 10. Bf3 Bb7 11. Qe1 Be7 12. Be3 h5 13. Kh1 Rc8 14. Rd1 Ng4 15. Bg1
Ndf6 16. Qg3 g6 17. e5 h4 18. Qh3 dxe5 19. Nxe6 fxe6 20. Bxg4 exf4 21. Bxe6 Kf8
22. Bd4 Rd8 23. Bxf6 Bxf6 24. Rxd8+ Bxd8 25. Nd5 Qxc2 26. Rxf4+ Kg7 27. Rf7+ Kh6
28. Ne3 Qe4 29. Kg1 Re8 30. Ng4+ Kg5 31. Qc3 Qxg2# 0-1

[Event "Olimpiade 2014 - Open"]
[Site "Tromsø"]
[Date "11.08.2014"]
[Round "9.67"]
[Board "3"]
[White "Johnson, Joshua"]
[Black "Chan, Chak Man"]
[Result "1-0"]
[WhiteTitle "CM"]
[BlackTitle "CM"]
[WhiteElo "2069"]
[BlackElo "1858"]
[WhiteTeam "Trinidad & Tobago"]
[BlackTeam "Hong Kong"]
[WhiteFideId "7700768"]
[BlackFideId "6001300"]
[EventDate "2014.08.02"]

1. e4 Nf6 2. e5 Nd5 3. d4 d6 4. Nf3 g6 5. Bc4 Nb6 6. Bb3 Bg7 7. O-O O-O 8. Qe2
dxe5 9. dxe5 Bg4 10. e6 f6 11. a4 Nc6 12. Rd1 Bxf3 13. Qxf3 Nd4 14. Rxd4 Qxd4
15. a5 Nc8 16. Nc3 Rb8 17. Be3 Qd8 18. Bd5 c6 19. Bb3 f5 20. Qg3 Ra8 21. Bf4 Kh8
22. Bc7 f4 23. Bxf4 Qd4 24. Bc7 b5 25. Rd1 Qb4 26. h3 a6 27. Qe3 Ra7 28. Rd7
Rxc7 29. Rxc7 Qxa5 30. Rxc6 Qa1+ 31. Kh2 Nd6 32. Rxd6 Qxb2 33. Rd3 Qa1 34. Nd5
Be5+ 35. f4 Bg7 36. Nxe7 Rxf4 37. Qxf4 Be5 38. Rd8+ 1-0

[Event "Olimpiade 2014 - Open"]
[Site "Tromsø"]
[Date "11.08.2014"]
[Round "9.67"]
[Board "4"]
[White "Wong, Brian"]
[Black "Merritt, Mario"]
[Result "1-0"]
[BlackTitle "FM"]
[WhiteElo "1878"]
[BlackElo "2078"]
[WhiteTeam "Hong Kong"]
[BlackTeam "Trinidad & Tobago"]
[WhiteFideId "6001394"]
[BlackFideId "7700148"]
[EventDate "2014.08.02"]

1. Nf3 c5 2. b3 Nc6 3. Bb2 Nf6 4. e3 a6 5. Be2 Qc7 6. d4 d5 7. Nbd2 Bg4 8. Rc1
cxd4 9. Nxd4 Bxe2 10. Qxe2 Nxd4 11. exd4 e6 12. O-O Bd6 13. c4 Bxh2+ 14. Kh1 Qb8
15. Ba3 Bd6 16. c5 Bc7 17. c6 b6 18. Rc2 h5 19. Re1 Qd8 20. Rc3 Ng4 21. Rh3 Qg5
22. Nf3 Qf5 23. Kg1 g5 24. Ne5 Nxe5 25. dxe5 g4 26. Rc3 h4 27. Bd6 Ra7 28. Bxc7
Rxc7 29. Qxa6 Ke7 30. Qa3+ Kd8 31. Qa8+ Rc8 32. Qb7 Rc7 33. Qb8+ 1-0

[Event "Olimpiade 2014 - Open"]
[Site "Tromsø"]
[Date "11.08.2014"]
[Round "9.68"]
[Board "1"]
[White "De Mey, Juan Pablo"]
[Black "Kim, Inguh"]
[Result "1-0"]
[WhiteTitle "FM"]
[BlackTitle "CM"]
[WhiteElo "1937"]
[BlackElo "1829"]
[WhiteTeam "Aruba"]
[BlackTeam "South Korea"]
[WhiteFideId "15900312"]
[BlackFideId "13201204"]
[EventDate "2014.08.02"]

1. e4 e5 2. Nf3 Nc6 3. Bc4 Nf6 4. Ng5 d5 5. exd5 Na5 6. Bb5+ c6 7. dxc6 bxc6 8.
Bd3 Be7 9. O-O O-O 10. Nc3 h6 11. Nf3 Qc7 12. Re1 Bd6 13. b4 Nb7 14. Bb2 Bg4 15.
h3 Bxf3 16. Qxf3 Bxb4 17. Ne4 Nd5 18. Qf5 f6 19. c3 Bd6 20. Ng3 Nc5 21. Qh7+ Kf7
22. Bg6+ Ke6 23. Bf5+ Kf7 24. Qg6+ Kg8 25. Qh7+ Kf7 26. Nh5 Rg8 27. d4 Nd7 28.
Qg6+ Ke7 29. dxe5 Bxe5 30. Ba3+ c5 31. Bxd7 Kxd7 32. Rad1 Kc6 33. Qe4 Qf7 34. c4 1-0

[Event "Olimpiade 2014 - Open"]
[Site "Tromsø"]
[Date "11.08.2014"]
[Round "9.68"]
[Board "2"]
[White "Kim, Saebyeok"]
[Black "Seijp V/d, Quintin"]
[Result "0-1"]
[WhiteElo "1873"]
[BlackElo "1883"]
[WhiteTeam "South Korea"]
[BlackTeam "Aruba"]
[WhiteFideId "13200518"]
[BlackFideId "15900428"]
[EventDate "2014.08.02"]

1. e4 e6 2. d4 d5 3. Nd2 Nf6 4. e5 Nfd7 5. Bd3 c5 6. c3 Nc6 7. Ne2 cxd4 8. cxd4
f6 9. exf6 Nxf6 10. O-O Bd6 11. Nf3 O-O 12. Bf4 Bxf4 13. Nxf4 Qd6 14. Ne2 Ng4
15. h3 Rxf3 16. hxg4 Rf7 17. Qd2 e5 18. dxe5 Nxe5 19. f3 Nxd3 20. Qxd3 Bd7 21.
Nd4 Re8 22. Rad1 Rf6 23. g5 Rf4 24. Kf2 Ref8 25. g3 Rg4 26. f4 Rxg5 27. Rh1 Bf5
28. Qe3 Be4 29. Rh4 Rg6 30. Rd2 Rgf6 31. Ne2 Qb6 32. Qxb6 Rxb6 33. Ke3 Re8 34.
Kf2 Rbe6 35. Nc3 a6 36. Rh5 g6 37. Rh2 Rd6 38. g4 d4 39. Ne2 d3 40. Ng3 Bc6 41.
f5 Bb5 42. b3 Rd4 43. Rh4 Rf4+ 44. Kg2 Re2+ 45. Nxe2 dxe2 46. Rd8+ Kg7 0-1

[Event "Olimpiade 2014 - Open"]
[Site "Tromsø"]
[Date "11.08.2014"]
[Round "9.68"]
[Board "3"]
[White "Pesqueira, Jose"]
[Black "Kim, Changhoon"]
[Result "1-0"]
[WhiteTitle "CM"]
[WhiteElo "1969"]
[BlackElo "1846"]
[WhiteTeam "Aruba"]
[BlackTeam "South Korea"]
[WhiteFideId "15900037"]
[BlackFideId "34117234"]
[EventDate "2014.08.02"]

1. d4 Nf6 2. Nf3 g6 3. Bf4 Bg7 4. Nbd2 c5 5. c3 Qb6 6. Qb3 Nc6 7. e3 d5 8. dxc5
Qxc5 9. h3 O-O 10. Qb5 Nd7 11. Nb3 Qxb5 12. Bxb5 a6 13. Be2 b5 14. a3 Re8 15.
O-O e5 16. Bg3 d4 17. cxd4 exd4 18. Rac1 Bb7 19. Rcd1 Rac8 20. Nfxd4 Nxd4 21.
Nxd4 Nc5 22. Bf3 Bxf3 23. gxf3 Bxd4 24. Rxd4 Nb3 25. Rd3 Nc1 26. Rd6 Rc2 27.
Rxa6 Ne2+ 28. Kg2 Rxb2 29. Rb6 Nc3 30. Re1 Rb3 31. Bd6 Re6 32. Rb8+ Kg7 33. Bb4
Nd5 34. Rxb5 Nc7 35. Bf8+ Kxf8 36. Rxb3 Ra6 37. Rc1 Nd5 38. Rb5 Nf6 39. Rc3 Ke7
40. Rb7+ Ke6 41. Rcc7 Nd5 42. Rxf7 Rxa3 43. Rxh7 Ra2 44. Kg3 Ra1 45. Kg2 Ra2 46.
Rb3 Rd2 47. Rhb7 1-0

[Event "Olimpiade 2014 - Open"]
[Site "Tromsø"]
[Date "11.08.2014"]
[Round "9.68"]
[Board "4"]
[White "Lee, Jun Hyeok"]
[Black "Croes, Octavio"]
[Result "1-0"]
[BlackTitle "CM"]
[WhiteElo "1884"]
[BlackElo "1892"]
[WhiteTeam "South Korea"]
[BlackTeam "Aruba"]
[WhiteFideId "13202340"]
[BlackFideId "1007220"]
[EventDate "2014.08.02"]

1. d4 Nf6 2. c4 e6 3. Nc3 Bb4 4. e3 O-O 5. Ne2 d5 6. a3 Be7 7. cxd5 exd5 8. Nf4
c6 9. Bd3 Re8 10. O-O Bd6 11. f3 Qb6 12. Bc2 Nbd7 13. e4 dxe4 14. fxe4 Nf8 15.
Na4 Qc7 16. e5 Bxe5 17. dxe5 Qxe5 18. Qf3 Bg4 19. Qf2 Ne4 20. Bxe4 Qxe4 21. Nc3
Qc4 22. h3 Bf5 23. Nfd5 cxd5 24. Qxf5 d4 25. Nd5 f6 26. Bh6 Re6 27. Rac1 Qb3 28.
Rc7 g6 29. Qxe6+ Nxe6 30. Nxf6+ 1-0

[Event "Olimpiade 2014 - Open"]
[Site "Tromsø"]
[Date "11.08.2014"]
[Round "9.69"]
[Board "1"]
[White "Banlock, Benjamin Didier"]
[Black "Sanon, Mondoly"]
[Result "1-0"]
[WhiteElo "2054"]
[BlackElo "2012"]
[WhiteTeam "Cameroon"]
[BlackTeam "Haiti"]
[WhiteFideId "15800059"]
[BlackFideId "11900059"]
[EventDate "2014.08.02"]

1. d4 d5 2. Nf3 Bf5 3. Nc3 e6 4. Bf4 Bd6 5. Bxd6 Qxd6 6. Qd2 Ne7 7. Ne5 Nd7 8.
g4 Bg6 9. Nxg6 Nxg6 10. e3 Nh4 11. Qe2 e5 12. dxe5 Qxe5 13. O-O-O c6 14. f4 Qe7
15. e4 dxe4 16. Qxe4 Qxe4 17. Nxe4 Rf8 18. Nd6+ Kd8 19. Nxb7+ Kc7 20. Nd6 Ng6
21. Bc4 Nxf4 22. Rhe1 Ng6 23. Bxf7 Nde5 24. Bxg6 Nxg6 25. Nf5 Rf7 26. Rd4 Rd8
27. Rc4 Rd5 28. b4 Ne5 29. Rce4 Nxg4 30. Ne7 Rd7 31. Nxc6 Kxc6 32. Rxg4 Rf2 33.
a4 Rxh2 34. Rc4+ Kb7 35. a5 Rhd2 36. Rg4 g6 37. Rh1 Ka6 38. Kb2 Rc7 39. Rc1 Rf7
40. Kb3 Rd6 41. Re1 Rf3+ 42. Ka4 Rf7 43. Re8 Kb7 44. b5 a6 45. c4 axb5+ 46. cxb5
h5 47. Rc4 g5 48. a6+ Kb6 49. Rb8+ Ka7 50. Rh8 Rd1 51. Rxh5 Ra1+ 52. Kb4 Rb1+
53. Ka5 Ra1+ 54. Ra4 Rxa4+ 55. Kxa4 Kb6 56. Rh6+ Ka7 57. Rg6 Rf5 58. Ka5 Re5 59.
Rg7+ Ka8 60. Kb6 Re6+ 61. Kc5 Re5+ 62. Kc6 Re8 63. b6 g4 64. Rxg4 Re6+ 65. Kc7
Re8 66. b7+ Ka7 67. Rd4 Rh8 68. Rd8 Rh7+ 69. Kd6 Rh6+ 70. Ke5 Rh5+ 71. Kf4 Rb5
72. Ra8+ 1-0

[Event "Olimpiade 2014 - Open"]
[Site "Tromsø"]
[Date "11.08.2014"]
[Round "9.70"]
[Board "1"]
[White "Blijstra, Wim"]
[Black "Hj, Azahari Siti Nur Fatimah"]
[Result "1/2-1/2"]
[WhiteElo "2201"]
[BlackElo "1985"]
[WhiteTeam "Netherlands Antilles"]
[BlackTeam "Brunei"]
[WhiteFideId "1018000"]
[BlackFideId "10500359"]
[EventDate "2014.08.02"]

1. d4 Nf6 2. c4 c5 3. d5 b5 4. cxb5 a6 5. b6 e6 6. Nc3 Nxd5 7. Nxd5 exd5 8. Qxd5
Nc6 9. Nf3 Be7 10. g3 Qxb6 11. Bg2 O-O 12. O-O Nb4 13. Qd1 Rb8 14. Bf4 d6 15.
Qd2 Be6 16. b3 Rbc8 17. Ng5 Bxg5 18. Bxg5 f6 19. Be3 a5 20. Rfd1 Rfd8 21. a3 Na6
22. Bd5 Bxd5 23. Qxd5+ Kh8 24. Rd3 Nc7 25. Qf7 d5 26. Rad1 d4 27. Qh5 Rd5 28.
Qf3 Rcd8 29. Bc1 a4 30. Bf4 Ne6 31. Bd2 R5d7 32. Rc1 c4 33. Rxc4 Nc5 34. Rb4 Qe6
35. Rxa4 Nxa4 36. bxa4 Rb8 37. Bb4 Re8 38. Rd2 Qe4 39. Kg2 Qxf3+ 40. Kxf3 Kg8
41. Bc5 Ra8 42. Ke4 Rxa4 43. Bb4 Ra8 44. Rc2 d3 45. exd3 Re8+ 46. Kf3 Rxd3+ 47.
Kg2 Red8 48. Rc7 R8d7 49. Rc6 Kf7 50. h4 h5 51. Ra6 R3d5 52. Ra8 Ke6 53. Kf3
Rd3+ 54. Kg2 R3d5 55. Re8+ Kf5 56. Rh8 Ke6 57. Kf3 Rd8 1/2-1/2